[Event "Sucre op 7th"]
[Site "Sucre"]
[Date "2023.12.09"]
[Round "5"]
[White "Filipps, Yamil"]
[Black "Hurtado Infante, Brian Daniel"]
[Result "1-0"]
[WhiteElo "2050"]
[BlackElo "1404"]
[PlyCount "89"]
[EventDate "2023.12.07"]
[EventType "swiss"]
[EventRounds "7"]
[EventCountry "BOL"]
[SourceTitle "CBM 217 Extra"]
[Source "ChessBase"]
[SourceDate "2024.01.31"]
[SourceVersion "1"]
[SourceVersionDate "2024.01.31"]
[SourceQuality "1"]

1. Nf3 Nf6 2. g3 c5 3. Bg2 Nc6 4. 0-0 g6 5. d3 d5 6. Re1 Bg7 7. Nbd2 0-0 8. e4 e6 9. c3 Re8 10. Qc2 b6 11. a3 Bb7 12. b4 cxb4 13. axb4 Rc8 14. Qb3 dxe4 15. dxe4 Qe7 16. Ba3 Qc7 17. Bb2 a5 18. b5 Nb8 19. c4 Nbd7 20. Qc2 Nc5 21. Be5 Qe7 22. h3 Rcd8 23. Re3 Rd7 24. g4 h6 25. Bc3 Red8 26. Ne5 Rxd2 27. Bxd2 Rxd2 28. Qxd2 Nfxe4 29. Qd4 f5 30. Rd1 Kh7 31. f4 Qh4 32. Re2 g5 33. Qe3 gxf4 34. Qxf4 Qf6 35. Bxe4 Bxe4 36. Nd7 Qe7 37. Qd6 Qxd7 38. Qxd7 Nxd7 39. Rxd7 Kg8 40. c5 bxc5 41. Rxe4 fxe4 42. Rxg7+ Kxg7 43. b6 Kf6 44. b7 Ke5 45. b8Q+ 1-0

[Event "Sucre op 7th"]
[Site "Sucre"]
[Date "2023.12.09"]
[Round "6"]
[White "Hurtado Infante, Brian Daniel"]
[Black "Mamani Alvino, Esdras Adrian"]
[Result "0-1"]
[WhiteElo "1404"]
[BlackElo "1334"]
[PlyCount "80"]
[EventDate "2023.12.07"]
[EventType "swiss"]
[EventRounds "7"]
[EventCountry "BOL"]
[SourceTitle "CBM 217 Extra"]
[Source "ChessBase"]
[SourceDate "2024.01.31"]
[SourceVersion "1"]
[SourceVersionDate "2024.01.31"]
[SourceQuality "1"]

1. e4 e5 2. Nf3 Nc6 3. Bc4 Bc5 4. b4 Bb6 5. a4 a6 6. 0-0 d6 7. c3 Nf6 8. d4 exd4 9. cxd4 Bg4 10. h3 Bxf3 11. Qxf3 Nxd4 12. Qg3 Qe7 13. Nc3 0-0-0 14. Qxg7 Nxe4 15. Nd5 Qe5 16. Nxb6+ cxb6 17. Qxe5 dxe5 18. Bxf7 Rdf8 19. Bc4 Nd6 20. Bd5 Ne2+ 21. Kh2 Nxc1 22. Raxc1+ Kd7 23. g4 Rf4 24. Kg3 Rxb4 25. Rb1 Rxb1 26. Rxb1 b5 27. axb5 axb5 28. Re1 Re8 29. h4 e4 30. g5 Re5 31. Ba2 Rf5 32. Rd1 Rf3+ 33. Kg2 Kc7 34. Bd5 Rd3 35. Rxd3 exd3 36. Kf1 Nf5 37. h5 h6 38. g6 Ng7 39. Be4 Nxh5 40. f4 Ng3+ 0-1

[Event "Cochabamba GP op 4th"]
[Site "Cochabamba"]
[Date "2023.09.08"]
[Round "3"]
[White "Montevilla Cahuasa, Amanda"]
[Black "Hurtado Infante, Brian Daniel"]
[Result "0-1"]
[WhiteElo "1055"]
[BlackElo "1417"]
[PlyCount "54"]
[EventDate "2023.09.07"]
[EventType "swiss"]
[EventRounds "7"]
[EventCountry "BOL"]
[SourceTitle "CBM 216 Extra"]
[Source "ChessBase"]
[SourceDate "2023.11.30"]
[SourceVersion "1"]
[SourceVersionDate "2023.11.30"]
[SourceQuality "1"]

1. e4 e5 2. Nf3 Nc6 3. Bc4 Bc5 4. Nc3 Nf6 5. 0-0 d6 6. h3 0-0 7. d3 h6 8. Be3 Bb6 9. Qd2 Qe7 10. Nd5 Nxd5 11. Bxd5 Qf6 12. Nh2 Ne7 13. Bb3 Ng6 14. Qe2 Kh8 15. Ng4 Qh4 16. Nh2 f5 17. Nf3 Qh5 18. exf5 Bxf5 19. g4 Bxg4 20. hxg4 Qxg4+ 21. Kh2 Rxf3 22. Qxf3 Qxf3 23. Rg1 Bxe3 24. fxe3 Rf8 25. Rxg6 Rf5 26. Kg1 Qf2+ 27. Kh1 Rh5# 0-1

[Event "Cochabamba op 6th"]
[Site "Cochabamba"]
[Date "2023.03.02"]
[Round "1"]
[White "Hurtado Infante, Brian Daniel"]
[Black "Ticona Rocabado, Licael Roderick"]
[Result "0-1"]
[WhiteElo "1350"]
[BlackElo "2208"]
[PlyCount "86"]
[EventDate "2023.03.02"]
[EventType "swiss"]
[EventRounds "7"]
[EventCountry "BOL"]
[SourceTitle "CBM 213 Extra"]
[Source "ChessBase"]
[SourceDate "2023.05.31"]
[SourceVersion "1"]
[SourceVersionDate "2023.05.31"]
[SourceQuality "1"]

1. e4 e6 2. d4 d5 3. Nc3 dxe4 4. Nxe4 Nd7 5. Nf3 Ngf6 6. Bg5 h6 7. Bxf6 Nxf6 8. Qd3 Be7 9. h4 a5 10. Ne5 Nd5 11. a3 Bxh4 12. c4 Nb6 13. Qf3 Bf6 14. 0-0-0 Bxe5 15. dxe5 Qe7 16. Qg4 Kf8 17. Rd3 Nd7 18. Rg3 g6 19. Qf4 Kg7 20. Rgh3 g5 21. Qg3 b6 22. Nxg5 Qxg5+ 23. Qxg5+ hxg5 24. Rxh8 Nxe5 25. Kd2 Bb7 26. Rxa8 Bxa8 27. Rh3 g4 28. Rb3 Nd7 29. g3 Nc5 30. Re3 a4 31. Bd3 f5 32. Kc3 Kf6 33. Kb4 e5 34. Kb5 f4 35. gxf4 exf4 36. Re8 Nxd3 37. Rxa8 Nxf2 38. Rg8 g3 39. c5 bxc5 40. Kc4 Kf5 41. Kc3 Ng4 42. Kd3 g2 43. Rf8+ Nf6 0-1